[Event "CRO-ch Youth U17 2020"]
[Site "Vinkovci"]
[Date "2020.07.28"]
[Round "1.1"]
[White "Domovic, Ognjen"]
[Black "Karlusic, Luka"]
[Result "0-1"]
[WhiteElo "1634"]
[BlackElo "2169"]
[Annotator "NA"]
[PlyCount "60"]
[EventDate "2020.07.28"]
[EventType "swiss"]
[EventCountry "CRO"]
[SourceTitle "playchess.com"]
[Source "ChessBase"]
[SourceQuality "1"]
[TimeControl "5400+30"]

{[%evp 8,47,9,-16,-19,-7,32767,32767,0,18,22,-20,-34,-31,32767,32767,32767,32767,32767,32767,32767,32767,32767,32767,-20,32767,32767,-78,-58,-34,-24,-79,-41,-106,-58,-127,-116,-130,-110,-133,-114,-144]} 1. e4 {[%emt 0:00:30]} c5 {[%emt 0:00:30]} 2. Nc3 {[%emt 0:00:30]} e6 {[%emt 0:00:00]} 3. g3 {[%emt 0:00:00]} d5 {[%emt 0:00:00]} 4. exd5 {[%emt 0:01:00]} exd5 {[%emt 0:00:30]} 5. Bg2 {[%emt 0:01:30]} Nf6 {[%emt 0:00:30]} 6. Nge2 {[%emt 0:00:30]} Nc6 {[%emt 0:03:30]} 7. d4 {[%emt 0:00:30]} cxd4 {[%emt 0:07:30]} 8. Nxd4 {[%emt 0:00:00]} Bg4 {[%emt 0:09:30]} 9. Nf3 {[%emt 0:02:00] B24: Closed Sicilian: 3 g3 sidelines.} d4 {[%emt 0:09:30]} 10. Ne2 {[%emt 0:04:30]} Bc5 {[%emt 0:08:30]} 11. O-O {[%emt 0:00:30]} O-O {[%emt 0:00:30]} 12. Nf4 {[%emt 0:00:30]} Re8 {[%emt 0:03:30] [#]} 13. Nd3 $146 {[%emt 0:01:30]} ({Predecessor:} 13. h3 Bf5 14. Nd3 Bb6 15. Bf4 Bc7 16. a3 Bxf4 17. Nxf4 Qd7 18. Kh2 Rad8 19. Nd3 {0-1 (35) Samuels,E (1332)-Mowzer,M (1640) Waterkloof 2015}) 13... Bb6 {[%emt 0:02:30]} 14. Bf4 {[%emt 0:03:30]} Nd5 {[%emt 0:07:30]} 15. h3 {[%emt 0:03:30] [#]} Bf5 {[%emt 0:03:30]} (15... Ne3 $1 $17 {[%cal Re3d1][%mdl 512]} 16. Bxe3 (16. fxe3 dxe3 17. Bxe3 Rxe3 $17) 16... dxe3 17. fxe3 Bf5) 16. Nfe1 {[%emt 0:03:30]} Ba5 {[%emt 0:07:30]} 17. Qh5 {[%emt 0:02:30]} (17. Bd2 $11 {keeps the balance.}) 17... g6 {[%emt 0:01:30]} 18. Qf3 {[%emt 0:03:30]} Be4 {[%emt 0:02:30]} 19. Qg4 {[%emt 0:03:30]} h5 {[%emt 0:00:30]} 20. Qg5 {[%emt 0:01:30]} (20. Qd1 $1 $15) 20... Bxg2 {[%emt 0:02:30]} 21. Kxg2 {[%emt 0:00:30]} (21. Qxd8 $15 Raxd8 22. Nxg2) 21... Qxg5 {[%emt 0:00:30]} 22. Bxg5 {[%emt 0:00:30]} f6 {[%emt 0:01:30]} 23. Bf4 {[%emt 0:00:30]} Re2 {[%emt 0:00:30]} 24. a3 $17 {[%emt 0:02:30]} Bxe1 {[%emt 0:06:30]} 25. Nxe1 {[%emt 0:00:30]} Rae8 {[%emt 0:02:14]} 26. Rc1 {[%emt 0:01:30]} g5 {[%emt 0:00:37]} 27. Bd6 {[%emt 0:02:30]} Ne3+ {[%emt 0:00:06]} 28. Kg1 {[%emt 0:00:30]} Nxf1 {[%emt 0:00:06]} 29. Kxf1 {[%emt 0:00:00]} R2e6 {[%emt 0:00:49]} 30. Bc5 {[%emt 0:01:00]} b6 {[%emt 0:00:08]} 0-1

[Event "CRO-ch Youth U17 2020"]
[Site "Vinkovci"]
[Date "2020.07.28"]
[Round "1.2"]
[White "Dabic, Stjepan"]
[Black "Markovic, Marko"]
[Result "1-0"]
[WhiteElo "2120"]
[BlackElo "2232"]
[Annotator "ChessBase"]
[PlyCount "63"]
[EventDate "2020.07.28"]
[EventType "swiss"]
[EventCountry "CRO"]
[SourceTitle "playchess.com"]
[Source "ChessBase"]
[SourceQuality "1"]
[TimeControl "5400+30"]

1. d4 {[%emt 0:00:30]} d5 {[%emt 0:00:30]} 2. c4 {[%emt 0:00:00]} e6 {[%emt 0:00:00]} 3. Nc3 {[%emt 0:00:00]} Nf6 {[%emt 0:00:00]} 4. cxd5 {[%emt 0:00:00]} exd5 {[%emt 0:00:30]} 5. Bg5 {[%emt 0:00:00]} Be6 {[%emt 0:00:00]} 6. e3 {[%emt 0:00:30]} c6 {[%emt 0:02:00]} 7. Bd3 {[%emt 0:00:30]} Nbd7 {[%emt 0:00:30]} 8. Nge2 {[%emt 0:00:00]} h6 {[%emt 0:00:30]} 9. Bh4 {[%emt 0:00:00]} Bd6 {[%emt 0:00:30]} 10. Rc1 {[%emt 0:02:30]} O-O {[%emt 0:07:30]} 11. O-O {[%emt 0:00:30]} Bxh2+ {[%emt 0:00:30]} 12. Kh1 {[%emt 0:00:30]} Bc7 {[%emt 0:07:30]} 13. f3 {[%emt 0:01:30]} g5 {[%emt 0:12:30]} 14. Bf2 {[%emt 0:01:30]} Nh5 {[%emt 0:24:30]} 15. e4 {[%emt 0:02:30]} dxe4 {[%emt 0:03:30]} 16. fxe4 {[%emt 0:00:30]} Bg4 {[%emt 0:00:30]} 17. Qb3 {[%emt 0:01:30]} Bb6 {[%emt 0:03:30]} 18. Bc4 {[%emt 0:06:30]} Kg7 {[%emt 0:14:30]} 19. Kg1 {[%emt 0:12:30]} f5 {[%emt 0:07:06]} 20. e5 {[%emt 0:04:30]} f4 {[%emt 0:00:06]} 21. Be6 {[%emt 0:00:00]} Bxe6 {[%emt 0:08:01]} 22. Qxe6 {[%emt 0:00:00]} Kh7 {[%emt 0:02:01]} 23. Ne4 {[%emt 0:01:30]} Ng7 {[%emt 0:01:57]} 24. Qh3 {[%emt 0:01:30]} Nf5 {[%emt 0:01:26]} 25. e6 {[%emt 0:06:30]} Qe7 {[%emt 0:01:03]} 26. N2c3 {[%emt 0:00:00]} Nxd4 {[%emt 0:01:18]} 27. exd7 {[%emt 0:01:00]} Ne2+ {[%emt 0:00:13]} 28. Nxe2 {[%emt 0:00:30]} Bxf2+ {[%emt 0:00:14]} 29. Nxf2 {[%emt 0:00:00]} Qxe2 {[%emt 0:00:32]} 30. Rce1 {[%emt 0:00:00]} Qxb2 {[%emt 0:00:34]} 31. Re7+ {[%emt 0:00:30]} Kg8 {[%emt 0:00:09]} 32. Qe6+ {[%emt 0:00:00]} 1-0

[Event "CRO-ch Youth U17 2020"]
[Site "Vinkovci"]
[Date "2020.07.28"]
[Round "1.3"]
[White "Milinkovic, Dominik"]
[Black "Mazuran, Gabrijel"]
[Result "0-1"]
[WhiteElo "1626"]
[BlackElo "2053"]
[Annotator "ChessBase"]
[PlyCount "44"]
[EventDate "2020.07.28"]
[EventType "swiss"]
[EventCountry "CRO"]
[SourceTitle "playchess.com"]
[Source "ChessBase"]
[SourceQuality "1"]
[TimeControl "5400+30"]

1. e4 {[%emt 0:00:30]} c5 {[%emt 0:00:30]} 2. Nf3 {[%emt 0:00:00]} e6 {[%emt 0:00:00]} 3. d4 {[%emt 0:00:00]} cxd4 {[%emt 0:00:00]} 4. Nxd4 {[%emt 0:00:30]} Nc6 {[%emt 0:00:30]} 5. Nc3 {[%emt 0:01:30]} Qc7 {[%emt 0:00:00]} 6. Nxc6 {[%emt 0:01:30]} bxc6 {[%emt 0:00:00]} 7. f4 {[%emt 0:01:30]} d5 {[%emt 0:01:30]} 8. Bd3 {[%emt 0:00:30]} Bc5 {[%emt 0:08:30]} 9. Qe2 {[%emt 0:04:30]} Ne7 {[%emt 0:03:30]} 10. Bd2 {[%emt 0:01:30]} a5 {[%emt 0:07:30]} 11. f5 {[%emt 0:11:30]} d4 {[%emt 0:09:30]} 12. Na4 {[%emt 0:03:30]} Bd6 {[%emt 0:02:30]} 13. g4 {[%emt 0:00:30]} Bd7 {[%emt 0:09:30]} 14. b3 {[%emt 0:02:30]} c5 {[%emt 0:01:30]} 15. Nb2 {[%emt 0:07:30]} Nc6 {[%emt 0:03:30]} 16. O-O-O {[%emt 0:15:30]} a4 {[%emt 0:15:30]} 17. Nxa4 {[%emt 0:01:30]} O-O {[%emt 0:09:30]} 18. h3 {[%emt 0:08:30]} Ne5 {[%emt 0:00:30]} 19. Bb5 {[%emt 0:00:30]} d3 {[%emt 0:00:30]} 20. Bxd3 {[%emt 0:04:30]} Bxa4 {[%emt 0:01:30]} 21. bxa4 {[%emt 0:00:30]} c4 {[%emt 0:00:00]} 22. Bh6 {[%emt 0:05:30]} cxd3 {[%emt 0:01:00]} 0-1

[Event "CRO-ch Youth U17 2020"]
[Site "Vinkovci"]
[Date "2020.07.28"]
[Round "1.4"]
[White "Levacic, Matej"]
[Black "Mudrinic, Aleksandar"]
[Result "1-0"]
[WhiteElo "2040"]
[BlackElo "1612"]
[Annotator "NA"]
[PlyCount "75"]
[EventDate "2020.07.28"]
[EventType "swiss"]
[EventCountry "CRO"]
[SourceTitle "playchess.com"]
[Source "ChessBase"]
[SourceQuality "1"]
[TimeControl "5400+30"]

{[%evp 8,61,21,19,28,15,10,23,30,32767,32767,32767,32767,32767,32767,42,53,36,57,32767,32767,33,32767,32767,32767,32767,32767,32767,56,45,37,43,74,32767,32767,32767,32767,32767,32767,32767,32767,0,32767,-34,0,32767,-14,-20,0,-27,0,-37,-44,-42,-81,-247]} 1. d4 {[%emt 0:00:30]} d5 {[%emt 0:00:30]} 2. Nf3 {[%emt 0:00:00]} Nf6 {[%emt 0:00:30]} 3. c4 {[%emt 0:00:00]} e6 {[%emt 0:00:30]} 4. Nc3 {[%emt 0:00:30]} Be7 {[%emt 0:00:30]} 5. Bf4 {[%emt 0:00:30]} O-O {[%emt 0:01:30]} 6. e3 {[%emt 0:00:00]} b6 {[%emt 0:00:30]} 7. Bd3 {[%emt 0:00:00]} Bb7 {[%emt 0:01:30]} 8. O-O {[%emt 0:00:30] 8.0-0 scores better than 8.cxd5.} h6 {[%emt 0:01:30] D37: Queen's Gambit Declined: 5 Bf4.} 9. Rc1 {[%emt 0:03:30]} c5 {[%emt 0:05:30] [#]} 10. cxd5 $146 {[%emt 0:00:30]} ({Predecessor:} 10. dxc5 Bxc5 11. a3 Nh5 12. Be5 Nd7 13. cxd5 exd5 14. Bd4 Bxd4 15. Nxd4 Nhf6 16. Bf5 {½-½ (47) Nguyen,T (2066)-Nguyen,T (1796) Ho Chi Minh 2017}) 10... Nxd5 {[%emt 0:02:30]} 11. Nxd5 {[%emt 0:01:30]} Bxd5 {[%emt 0:02:30]} 12. Bb1 {[%emt 0:07:30]} f5 {[%emt 0:03:30]} 13. Qe2 {[%emt 0:08:30]} Nd7 {[%emt 0:02:30]} 14. Rfd1 {[%emt 0:06:30]} Qe8 {[%emt 0:03:30]} 15. Bg3 {[%emt 0:09:30]} Nf6 {[%emt 0:04:30]} 16. Ne5 {[%emt 0:04:30]} Nh5 {[%emt 0:11:30]} 17. e4 {[%emt 0:05:30]} Nxg3 {[%emt 0:04:30]} 18. hxg3 {[%emt 0:00:30]} fxe4 {[%emt 0:06:30]} 19. Bxe4 {[%emt 0:00:30]} Bd6 {[%emt 0:09:30]} 20. Bb1 {[%emt 0:08:30]} Bxe5 {[%emt 0:04:30]} 21. Qxe5 {[%emt 0:02:30]} Qf7 {[%emt 0:01:30]} 22. f3 {[%emt 0:02:30]} c4 {[%emt 0:03:30]} 23. a4 {[%emt 0:04:30]} Qf6 {[%emt 0:02:30]} 24. Qe2 {[%emt 0:02:30]} a6 {[%emt 0:01:30]} 25. Qc2 {[%emt 0:01:30]} b5 {[%emt 0:04:30]} 26. b3 {[%emt 0:01:30]} Rac8 {[%emt 0:01:30]} ({Avoid the trap} 26... cxb3 $2 27. Qh7+ Kf7 28. Rc7+ Ke8 29. Rxg7 $18) 27. bxc4 {[%emt 0:03:30]} Rxc4 {[%emt 0:02:36]} 28. Qh7+ {[%emt 0:00:30]} Kf7 {[%emt 0:00:15]} 29. Rxc4 {[%emt 0:01:30]} bxc4 {[%emt 0:01:04]} 30. f4 {[%emt 0:02:30]} Rb8 {[%emt 0:01:53]} 31. f5 $19 {[%emt 0:02:30]} (31. Kh2 $17) 31... Rb2 {[%emt 0:08:48]} 32. fxe6+ {[%emt 0:00:30]} Ke7 {[%emt 0:00:51]} 33. Bc2 {[%emt 0:00:30]} Qg5 {[%emt 0:01:47]} 34. Qg8 {[%emt 0:03:55]} Bxe6 {[%emt 0:01:29]} 35. Re1 {[%emt 0:00:23]} Qf6 {[%emt 0:03:56]} 36. d5 {[%emt 0:02:03]} Qd4+ {[%emt 0:01:09]} 37. Kh2 {[%emt 0:00:34]} Rxc2 {[%emt 0:00:57]} 38. Rxe6+ 1-0

[Event "CRO-ch Youth U17 2020"]
[Site "Vinkovci"]
[Date "2020.07.28"]
[Round "1.5"]
[White "Neferanovic, Ivan"]
[Black "Jurakic, Lukas"]
[Result "0-1"]
[WhiteElo "1551"]
[BlackElo "2023"]
[Annotator "NA"]
[PlyCount "60"]
[EventDate "2020.07.28"]
[EventType "swiss"]
[EventCountry "CRO"]
[SourceTitle "playchess.com"]
[Source "ChessBase"]
[SourceQuality "1"]
[TimeControl "5400+30"]

{[%evp 14,57,0,0,0,-15,-8,0,0,32767,32767,32767,32767,0,0,-6,32767,32767,32767,-3,32767,32767,0,-56,32767,32767,32767,32767,32767,32767,32767,32767,32767,32767,-142,32767,-150,-147,-142,-154,-117,-145,-145,-145,-200,-182]} 1. e4 {[%emt 0:00:30]} e5 {[%emt 0:00:30]} 2. Nf3 {[%emt 0:00:00]} Nc6 {[%emt 0:00:00]} 3. Nc3 {[%emt 0:00:00]} Nf6 {[%emt 0:00:00]} 4. d4 {[%emt 0:00:00]} exd4 {[%emt 0:00:30]} 5. Nxd4 {[%emt 0:00:00]} Bb4 {[%emt 0:00:30]} 6. Nxc6 {[%emt 0:00:30]} bxc6 {[%emt 0:00:00]} 7. Bd3 {[%emt 0:00:00]} d5 {[%emt 0:00:00]} 8. exd5 {[%emt 0:01:00]} cxd5 {[%emt 0:00:30]} 9. O-O {[%emt 0:00:30]} O-O {[%emt 0:00:30]} 10. Bg5 {[%emt 0:01:30]} c6 {[%emt 0:00:30]} 11. Qf3 {[%emt 0:02:30]} Bd6 {[%emt 0:04:30]} 12. h3 {[%emt 0:03:30]} Rb8 {[%emt 0:03:30]} 13. Rab1 {[%emt 0:05:30]} Re8 {[%emt 0:04:30] C47: Scotch Four Knights and Four Knights with 4 g3.} 14. Bf4 {[%emt 0:04:30] [#]} Rb4 $146 {[%emt 0:09:30]} ({Predecessor:} 14... Be6 15. Bxd6 Qxd6 16. b3 c5 17. Rbc1 Qb6 18. Bf5 d4 19. Bxe6 Qxe6 20. Na4 Ne4 21. Qd3 {0-1 (45) Kostrikina,A (2141)-Kotenko,P (2353) Taganrog 2014}) 15. Bxd6 {[%emt 0:03:30]} Qxd6 {[%emt 0:00:00]} 16. Qg3 {[%emt 0:13:30]} Qd8 {[%emt 0:15:00]} 17. a3 {[%emt 0:04:30]} Rb7 {[%emt 0:10:30]} 18. f3 {[%emt 0:18:30]} ({Better is} 18. b4 $11) 18... Rbe7 {[%emt 0:09:30]} 19. Rfe1 {[%emt 0:07:30]} Qb6+ {[%emt 0:01:30]} 20. Kf1 {[%emt 0:05:30]} Rxe1+ {[%emt 0:06:30]} 21. Rxe1 {[%emt 0:00:30]} Qxb2 {[%emt 0:04:30]} 22. Rxe8+ {[%emt 0:00:30]} Nxe8 {[%emt 0:00:00]} 23. Qe5 {[%emt 0:02:30]} Kf8 {[%emt 0:04:00]} 24. a4 {[%emt 0:02:30]} h6 {[%emt 0:03:30]} 25. Qd4 {[%emt 0:07:16]} Qb6 {[%emt 0:02:30]} 26. Qf4 {[%emt 0:01:45]} Ba6 {[%emt 0:00:57]} 27. Ke2 {[%emt 0:02:31]} Bxd3+ {[%emt 0:00:56]} 28. Kxd3 {[%emt 0:00:37]} Qf2 $19 {[%emt 0:01:39]} 29. g4 {[%emt 0:01:11]} Qf1+ {[%emt 0:02:58]} 30. Ke3 {[%emt 0:00:37]} Qc1+ {[%emt 0:00:16]} 0-1

[Event "CRO-ch Youth U17 2020"]
[Site "Vinkovci"]
[Date "2020.07.28"]
[Round "1.6"]
[White "Randic, Petra"]
[Black "Bevanda, Ema"]
[Result "1-0"]
[WhiteElo "1794"]
[BlackElo "1554"]
[Annotator "NA"]
[PlyCount "59"]
[EventDate "2020.07.28"]
[EventType "swiss"]
[EventCountry "CRO"]
[SourceTitle "playchess.com"]
[Source "ChessBase"]
[SourceQuality "1"]
[TimeControl "5400+30"]

1. d4 {[%emt 0:00:30]} e6 {[%emt 0:00:30]} 2. c4 {[%emt 0:00:00]} f5 {[%emt 0:00:00]} 3. Nc3 {[%emt 0:03:00]} Nf6 {[%emt 0:00:00]} 4. Nf3 {[%emt 0:08:30]} Bb4 {[%emt 0:06:30]} 5. Bd2 {[%emt 0:08:30]} d6 {[%emt 0:01:30]} 6. e3 {[%emt 0:05:30]} b6 {[%emt 0:00:30]} 7. Qa4+ {[%emt 0:03:30]} Nc6 {[%emt 0:04:30]} 8. d5 {[%emt 0:05:30]} Bxc3 {[%emt 0:08:30]} 9. Bxc3 {[%emt 0:03:30]} e5 {[%emt 0:00:30]} 10. dxc6 {[%emt 0:02:30]} Ne4 {[%emt 0:00:30]} 11. Qc2 {[%emt 0:00:30]} O-O {[%emt 0:00:30]} 12. Be2 {[%emt 0:01:30]} Qf6 {[%emt 0:01:30]} 13. Nd2 {[%emt 0:04:30]} Nc5 {[%emt 0:01:30]} 14. O-O-O {[%emt 0:03:30]} f4 {[%emt 0:05:30]} 15. e4 {[%emt 0:06:30]} a6 {[%emt 0:02:30]} 16. g3 {[%emt 0:02:30]} Ne6 {[%emt 0:05:30]} 17. Nf3 {[%emt 0:02:30]} b5 {[%emt 0:04:30]} 18. Ba5 {[%emt 0:01:30]} Ra7 {[%emt 0:07:30]} 19. g4 {[%emt 0:02:30]} Nd8 {[%emt 0:02:30]} 20. g5 {[%emt 0:02:30]} Qf7 {[%emt 0:00:30]} 21. b3 {[%emt 0:06:30]} Nxc6 {[%emt 0:02:30]} 22. Bc3 {[%emt 0:00:00]} b4 {[%emt 0:09:30]} 23. Ba1 {[%emt 0:01:00]} Ne7 {[%emt 0:05:30]} 24. h4 {[%emt 0:03:30]} Qe8 {[%emt 0:05:30]} 25. h5 {[%emt 0:02:30]} Bg4 {[%emt 0:03:30]} 26. h6 {[%emt 0:01:43]} g6 {[%emt 0:00:00]} 27. Qb2 {[%emt 0:00:49]} Be6 {[%emt 0:05:01]} 28. Nxe5 {[%emt 0:02:57]} dxe5 {[%emt 0:00:21]} 29. Qxe5 {[%emt 0:00:56]} Nf5 {[%emt 0:04:02]} 30. Qh8+ {[%emt 0:00:51]} 1-0

[Event "CRO-ch Youth U17 2020"]
[Site "Vinkovci"]
[Date "2020.07.28"]
[Round "1.7"]
[White "Vidovic, Petra"]
[Black "Dejanovic, Tereza"]
[Result "0-1"]
[WhiteElo "1537"]
[BlackElo "1788"]
[Annotator "NA"]
[PlyCount "60"]
[EventDate "2020.07.28"]
[EventType "swiss"]
[EventCountry "CRO"]
[SourceTitle "playchess.com"]
[Source "ChessBase"]
[SourceQuality "1"]
[TimeControl "5400+30"]

1. e4 {[%emt 0:00:30]} c5 {[%emt 0:00:30]} 2. Nf3 {[%emt 0:00:00]} d6 {[%emt 0:00:00]} 3. d4 {[%emt 0:00:00]} cxd4 {[%emt 0:00:00]} 4. Nxd4 {[%emt 0:00:30]} Nf6 {[%emt 0:00:00]} 5. Nc3 {[%emt 0:00:00]} a6 {[%emt 0:00:00]} 6. f3 {[%emt 0:00:00]} e6 {[%emt 0:00:00]} 7. Be3 {[%emt 0:00:30]} b5 {[%emt 0:00:00]} 8. Qd2 {[%emt 0:02:30]} Nbd7 {[%emt 0:00:30]} 9. O-O-O {[%emt 0:04:30]} Bb7 {[%emt 0:00:30]} 10. Kb1 {[%emt 0:04:30]} Rc8 {[%emt 0:06:30]} 11. Bd3 {[%emt 0:15:30]} Ne5 {[%emt 0:09:30]} 12. Rhg1 {[%emt 0:07:30]} Nxd3 {[%emt 0:02:30]} 13. cxd3 {[%emt 0:09:30]} d5 {[%emt 0:07:30]} 14. Nce2 {[%emt 0:25:30]} e5 {[%emt 0:07:30]} 15. Nf5 {[%emt 0:01:30]} d4 {[%emt 0:01:30]} 16. Bg5 {[%emt 0:00:30]} h6 {[%emt 0:01:30]} 17. Bxf6 {[%emt 0:01:30]} gxf6 {[%emt 0:14:30]} 18. Rc1 {[%emt 0:02:30]} a5 {[%emt 0:03:30]} 19. Rxc8 {[%emt 0:02:30]} Bxc8 {[%emt 0:00:30]} 20. Neg3 {[%emt 0:00:30]} Bb4 {[%emt 0:04:30]} 21. Qc1 {[%emt 0:00:30]} a4 {[%emt 0:07:30]} 22. Nh5 {[%emt 0:07:40]} Bxf5 {[%emt 0:03:30]} 23. Ng7+ {[%emt 0:02:21]} Kd7 {[%emt 0:01:30]} 24. Nxf5 {[%emt 0:00:22]} Qa5 {[%emt 0:02:30]} 25. Qd1 {[%emt 0:02:32]} Rc8 {[%emt 0:07:15]} 26. Qe2 {[%emt 0:02:05]} a3 {[%emt 0:01:09]} 27. Rc1 {[%emt 0:01:12]} Rxc1+ {[%emt 0:00:21]} 28. Kxc1 {[%emt 0:00:06]} axb2+ {[%emt 0:00:27]} 29. Kxb2 {[%emt 0:01:04]} Ba3+ {[%emt 0:03:39]} 30. Kb1 {[%emt 0:00:25]} Qc3 {[%emt 0:00:07]} 0-1

[Event "CRO-ch Youth U17 2020"]
[Site "Vinkovci"]
[Date "2020.07.28"]
[Round "1.8"]
[White "Bedic, Noemi"]
[Black "Biljesko, Marija"]
[Result "1-0"]
[WhiteElo "1712"]
[BlackElo "1250"]
[Annotator "NA"]
[PlyCount "35"]
[EventDate "2020.07.28"]
[EventType "swiss"]
[EventCountry "CRO"]
[SourceTitle "playchess.com"]
[Source "ChessBase"]
[SourceQuality "1"]
[TimeControl "5400+30"]

1. e4 {[%emt 0:00:30]} e5 {[%emt 0:00:00]} 2. Nf3 {[%emt 0:00:00]} Nc6 {[%emt 0:00:00]} 3. Bb5 {[%emt 0:00:00]} Bc5 {[%emt 0:00:30]} 4. c3 {[%emt 0:00:00]} d6 {[%emt 0:00:30]} 5. d4 {[%emt 0:00:00]} exd4 {[%emt 0:00:00]} 6. cxd4 {[%emt 0:00:30]} Bb4+ {[%emt 0:01:00]} 7. Nc3 {[%emt 0:00:30]} Bd7 {[%emt 0:01:30]} 8. O-O {[%emt 0:00:30]} h6 {[%emt 0:05:30]} 9. Re1 {[%emt 0:05:30]} Nge7 {[%emt 0:03:30]} 10. a3 {[%emt 0:14:30]} Bxc3 {[%emt 0:04:30]} 11. bxc3 {[%emt 0:06:30]} O-O {[%emt 0:00:30]} 12. Qd3 {[%emt 0:03:30]} Ng6 {[%emt 0:05:30]} 13. Bc4 {[%emt 0:04:30]} Na5 {[%emt 0:12:30]} 14. Ba2 {[%emt 0:00:30]} c5 {[%emt 0:11:30]} 15. e5 {[%emt 0:02:30]} cxd4 {[%emt 0:04:30]} 16. Qxg6 {[%emt 0:01:30]} Kh8 {[%emt 0:06:30]} 17. Bxf7 {[%emt 0:02:30]} Be8 {[%emt 0:03:30]} 18. Ng5 {[%emt 0:03:30]} 1-0

[Event "CRO-ch Youth U17 2020"]
[Site "Vinkovci"]
[Date "2020.07.29"]
[Round "2.1"]
[White "Karlusic, Luka"]
[Black "Damjanovic, Stjepan"]
[Result "1/2-1/2"]
[WhiteElo "2169"]
[BlackElo "1867"]
[Annotator "TA"]
[PlyCount "49"]
[EventDate "2020.07.28"]
[EventType "swiss"]
[EventCountry "CRO"]
[SourceTitle "playchess.com"]
[Source "ChessBase"]
[SourceQuality "1"]

{[%evp 18,49,0,0,0,0,0,0,0,-23,-18,-48,36,0,0,0,0,0,0,-51,-51,-43,-40,-58,-61,-117,-129,-134,-121,-136,-125,-128,-74,-109]} 1. d4 Nf6 2. c4 e6 3. Nc3 Bb4 4. e3 O-O 5. Bd3 d5 6. Nf3 c5 7. O-O b6 8. cxd5 exd5 9. a3 Bxc3 10. bxc3 c4 {E53: Nimzo-Indian: Rubinstein: Main Line (4...0-0 5 Nf3 d5 6 Bd3 c5 7 0-0).} 11. Bc2 Bg4 12. h3 Bh5 {[#] The position is equal.} 13. g4 $146 ({Predecessor:} 13. a4 Qd7 14. g4 Nxg4 15. Bxh7+ Kxh7 16. Ne5 Nxe5 17. Qxh5+ Kg8 18. dxe5 Re8 19. f4 {½-½ (37) Martins,S (2042)-Palladino,M (1962) ICCF email 2013}) 13... Bg6 14. Ne5 Ne4 (14... Bxc2 $15 15. Qxc2 Nbd7) 15. Nxg6 (15. Bxe4 $5 Bxe4 16. f3 $11) 15... fxg6 16. Bxe4 dxe4 17. f3 Qd6 {[#] White must now prevent ...Qg3+.} 18. Kg2 (18. Qe2 $11) 18... exf3+ 19. Rxf3 Qd5 20. Qe2 Re8 $1 21. Bd2 (21. Kh2 $15) 21... Nd7 $17 {[%cal Bb8d7,Bd7f6,Bf6e4][%mdl 32]} 22. Raf1 Nf6 23. Kg1 Ne4 24. h4 Rac8 (24... Qe6 $142 25. Kh1 Nxd2 26. Qxd2 Qxg4) 25. Be1 {Accuracy: White = 67%, Black = 81%.} 1/2-1/2

[Event "CRO-ch Youth U17 2020"]
[Site "Vinkovci"]
[Date "2020.07.29"]
[Round "2.2"]
[White "Troselj, Ivan"]
[Black "Dabic, Stjepan"]
[Result "1-0"]
[WhiteElo "1857"]
[BlackElo "2120"]
[Annotator "TA"]
[PlyCount "135"]
[EventDate "2020.07.28"]
[EventType "swiss"]
[EventCountry "CRO"]
[SourceTitle "playchess.com"]
[Source "ChessBase"]
[SourceQuality "1"]

{[%evp 9,135,0,-2,2,-1,-24,8,2,68,10,7,0,0,0,0,-10,11,0,14,0,0,-13,0,-6,0,-4,0,-10,0,-25,0,-6,-5,-7,0,0,18,8,28,6,14,0,0,-129,-127,-120,-123,-163,-147,-143,-105,-772,6,1,0,6,72,77,103,87,83,85,89,86,100,86,89,89,87,87,126,118,206,207,195,195,227,227,277,268,410,374,348,292,311,110,311,311,290,289,238,243,236,232,218,218,226,182,229,218,401,392,389,276,1095,1068,911,899,5081,4706,29967,29972,6083,744,29978,29979,29977,29976,29982,29983,29984,29982,29982,29983,29984,29985,29984,29985]} 1. e4 c5 2. Nf3 d6 3. c3 Nf6 4. Bd3 Nc6 5. h3 d5 6. exd5 {B50: Sicilian: 2...d6, Miscellaneous.} Qxd5 7. Bb5 Bd7 (7... Qe4+ {looks sharper.} 8. Qe2 Qxe2+ 9. Kxe2 Bd7 10. d3 a6) 8. O-O {[#] The position is equal.} O-O-O $146 (8... e6 $11) ({Predecessor:} 8... g6 9. Re1 Bg7 10. d4 cxd4 11. Bxc6 Bxc6 12. Nxd4 Qxg2# {0-1 (11) Marschall,T-Ruhaan,M (1399) Al Ain 2013}) 9. d4 (9. Na3 $14) 9... cxd4 $11 10. Nxd4 Nxd4 11. Bxd7+ Rxd7 12. cxd4 e6 13. Be3 Kb8 14. Nc3 Qa5 15. Qb3 Nd5 16. Rac1 Bd6 17. Ne4 Qb6 18. Qa4 Rhd8 19. Rc2 f5 20. Nxd6 Qxd6 21. Bg5 Rf8 22. Bd2 f4 23. Re1 h5 24. Re4 g5 25. Rc5 g4 {White must now prevent ...gxh3.} 26. Bb4 (26. Qa3 $11) 26... Nxb4 $17 27. Qxb4 gxh3 28. gxh3 {[#]} Rg8+ $1 29. Kf1 f3 30. Qb3 $2 {[%mdl 8192]} (30. Ree5 $17) 30... Rf7 $2 ({Better is} 30... Qh2 $19 {[%cal Rh2h1]} 31. Ke1 Rg1+ 32. Kd2 Qxf2+ 33. Kd3 b6) 31. Qxe6 $11 Qxe6 32. Rxe6 {[%mdl 4096] Endgame KRR-KRR} Rf4 (32... Rfg7 $1 $11 33. Ke1 Rg1+ 34. Kd2 Rf1) 33. Re3 $16 h4 34. Rcc3 Rxd4 35. Rxf3 Rd2 36. Rb3 b6 37. Rfd3 Rc2 38. Rdc3 Rd2 39. Ke1 Rgd8 40. Rc4 R2d4 (40... Rd1+ $16 41. Ke2 Ra1) 41. Rxd4 $18 Rxd4 {KR-KR} 42. Rc3 b5 {[#]} 43. Ke2 $1 b4 44. Rc1 a5 (44... Kb7 $142 45. Ke3 Rd5) 45. Ke3 Rd7 {If Black can now play ...Re7+ this consolidates a bit.} 46. Rc5 Re7+ 47. Kd3 $2 (47. Kf3 $18 {is the precise move to win.}) 47... Rf7 $2 (47... Rd7+ $16 {was called for.} 48. Ke2 Re7+ 49. Kf3 Rf7+ 50. Kg2 Rg7+ 51. Kf1 Ka7 52. Rxa5+ Kb6) 48. Ke2 ({Weaker is} 48. Rxa5 Rxf2 49. b3 Rf3+ 50. Kc4 Rf4+ 51. Kc5 Kb7 $18) 48... Re7+ 49. Kf1 Ra7 50. f4 Kb7 51. Ke2 Kb6 52. Rh5 Rg7 53. Kf2 Rc7 54. Ke3 (54. Rxh4 Rc2+ 55. Ke3 Rxb2 $14) 54... a4 $2 (54... Rc1 55. f5 (55. Rxh4 Re1+ 56. Kd3 Rd1+ 57. Ke4 Re1+ 58. Kd3 Rd1+ 59. Ke4 Re1+ 60. Kd3 $16) 55... Kc7 56. Rxh4 Rh1) 55. f5 Rc5 56. Rh6+ Kb5 $2 (56... Kc7 57. Rxh4 Re5+ 58. Kf4 Re2) 57. f6 Rf5 58. Ke4 Rf2 59. Rh5+ Kc6 60. Rf5 Re2+ 61. Kf4 (61. Kf3 $142 Re8 62. f7) 61... Re8 62. f7 {White mates.} Rf8 63. Ke5 b3 64. a3 Kc5 65. Ke6+ Kc4 66. Ke7 Rxf7+ 67. Kxf7 Kd3 68. Ke6 {Never resign too early! Accuracy: White = 78%, Black = 50%.} 1-0